000 00395nam a2200145Ia 4500
008 230711s9999||||xx |||||||||||||| ||und||
041 _aENG
082 _a624
_bCL-P
100 _aClark,David
245 0 _aPlane geodetic surveying for engineers plane surveying
250 _a1st
260 _c1983
_aNew Delhi
_bCBS Publishers & Distributors Pvt.Ltd
650 _aCivil Engineering
942 _cBK
999 _c1415
_d1415